| 000 | 00000nam 2200000za 4500 |
| 001 | 9.699946 |
| 003 | CaOODSP |
| 005 | 20210625000619 |
| 007 | cr ||||||||||| |
| 008 | 150407s1935 onc|||||o f|0| 0 eng d |
| 040 | |aCaOODSP|beng |
| 043 | |an-cn--- |
| 086 | 1 |aCP32-127/1935E-PDF |
| 086 | 1 |aZ1-1935/1E-PDF |
| 245 | 00|aIn the matter of the Public Inquiries Act, chap. 99, R.S.C., 1927, and in the matter of the Commission on Relief Camps, British Columbia - report |h[electronic resource] / |cW.A. MacDonald, chairman ; C.T. McHattie and E.D. Braden, commissioners. |
| 260 | |a[Ottawa : |bPrivy Council Office], |c1935. |
| 300 | |a15 p. |
| 500 | |aHistorical publication digitized in 2009 by Privy Council Office of Canada. |
| 590 | |a15-04-Supp|b2015-03-19 |
| 690 | 07|aCommissions of inquiry|2gcpds |
| 690 | 07|aUnemployment|2gcpds |
| 690 | 07|aWorking conditions|2gcpds |
| 710 | 1 |aCanada. |bPrivy Council Office. |
| 775 | 08|tEn matière de la Loi des enquêtes relatives aux affaires publiques, chap. 99, S.R.C., 1927, et en matière de la Commission d'enquête sur les camps de chômeurs, Colombie-Britannique - rapport |w(CaOODSP)9.643905 |
| 856 | 40|ahttp://publications.gc.ca|qPDF|s1022 KB|uhttps://publications.gc.ca/collections/collection_2014/bcp-pco/CP32-127-1935-eng.pdf |